000 00755cam a22002411 4500
001 000019983
005 20200929170222.0
008 750804s1965 xx 000 0 spa
010 _a67074813
035 _a(OCoLC)1509092
040 _aDO-SdBNP
_cFU
_dDLC
042 _apremarc
043 _as-ck---
050 0 0 _aHT129.C7
_bM4
100 2 _aMendoza Varela, Eduardo.
_917307
245 1 0 _aAlabanza y critica de la aldea.
260 _aBogota,
_c1965.
300 _a63 p. ;
_c16cm.
490 0 _aColegio Maximo de las Academias de Colombia,
_v3
500 _a"Varias lecciones dictadas en el Curso de cultura general del Colegio Maximo de las Academias."
650 0 _aCities and towns
_zColombia.
_942586
910 _aCatalogación derivada / LC
999 _c19495
_d19495